Report Of The Joint Committee On Finance And Roads And Transport On The Credit Agreement Between The Government Of The Republic Of Ghana And Deutsche Bank Ag, London As Arranger And Agent Supported By The Brazilian Official Equalization Programme (PROEX) For An Amount Of One Hundred Million million united States Dollars US$100,000,000.00 To Finance The Design And Construction Of Runway And Apron Pavements For The Proposed International Airport At Tamale In The Northern Region (Record no. 5708)

MARC details
000 -LEADER
fixed length control field 01023nam a22001697a 4500
003 - CONTROL NUMBER IDENTIFIER
control field OSt
005 - DATE AND TIME OF LATEST TRANSACTION
control field 20250826115313.0
008 - FIXED-LENGTH DATA ELEMENTS--GENERAL INFORMATION
fixed length control field 250826b |||||||| |||| 00| 0 eng d
041 ## - LANGUAGE CODE
Language code of text/sound track or separate title English
082 ## - DEWEY DECIMAL CLASSIFICATION NUMBER
Classification number Acc. No. 11894 CR/PROEX/12
110 ## - MAIN ENTRY--CORPORATE NAME
Corporate name or jurisdiction name as entry element Joint Committee On Finance And Roads And Transport
245 ## - TITLE STATEMENT
Title Report Of The Joint Committee On Finance And Roads And Transport On The Credit Agreement Between The Government Of The Republic Of Ghana And Deutsche Bank Ag, London As Arranger And Agent Supported By The Brazilian Official Equalization Programme (PROEX) For An Amount Of One Hundred Million million united States Dollars US$100,000,000.00 To Finance The Design And Construction Of Runway And Apron Pavements For The Proposed International Airport At Tamale In The Northern Region
260 ## - PUBLICATION, DISTRIBUTION, ETC.
Place of publication, distribution, etc. Accra
Name of publisher, distributor, etc. Parliament Of Ghana
Date of publication, distribution, etc. 2012
300 ## - PHYSICAL DESCRIPTION
Extent 6P
653 ## - INDEX TERM--UNCONTROLLED
Uncontrolled term Design And Construction Of Runway And Apron Pavements For The Proposed International Airport At Tamale In The Northern Region
942 ## - ADDED ENTRY ELEMENTS (KOHA)
Source of classification or shelving scheme Dewey Decimal Classification
Koha item type Committee Reports
Suppress in OPAC No
Holdings
Withdrawn status Lost status Source of classification or shelving scheme Damaged status Not for loan Home library Current library Shelving location Date acquired Total checkouts Full call number Date last seen Copy number Price effective from Koha item type
    Dewey Decimal Classification     Main Library Main Library Open Shelves 26/08/2025   Acc. No. 11894 CR/PROEX/12 26/08/2025 1 26/08/2025 Committee Reports
    Dewey Decimal Classification     Main Library Main Library Open Shelves 26/08/2025   Acc. No. 11895 CR/PROEX/12 26/08/2025 2 26/08/2025 Committee Reports
    Dewey Decimal Classification     Main Library Main Library Open Shelves 26/08/2025   Acc. No. 11896 CR/PROEX/12 26/08/2025 3 26/08/2025 Committee Reports
©2026  Parliament of Ghana Library - All rights reserved